00322nam a2200121Ia 4500003000400000008004100004040001600045082001800061100001600079245004100095260005100136650001300187GCL140319s9999 xx 000 0 eng d aGCL / cGCL04a361.7044bM A1 aMEADOW, ROY10aA B C OF CHILD ABUSE / cMEADOW, ROY a[S.N] : bBRITISH MUSUM PUBLICATIONS ، c198904aCHILDREN